Statistics for Derby County Premier League Players

Click here to take the quiz!

General Stats

  • This quiz has been taken 109 times
  • The average score is 28 of 114

Answer Stats

The Rams% Correct
Mart Poom
59%
Paulo Wanchope
59%
Dean Sturridge
54%
Kenny Miller
52%
Robbie Savage
51%
David Jones
49%
Claude Davis
46%
Rob Lee
45%
Deon Burton
43%
Stefano Eranio
43%
Chris Powell
42%
Michael Johnson
42%
Seth Johnson
42%
Darryl Powell
41%
Igor Štimac
41%
Malcolm Christie
41%
Darren Moore
39%
Fabrizio Ravanelli
39%
Matt Carbon
39%
Giles Barnes
36%
Ashley Ward
35%
Danny Mills
35%
Robert Earnshaw
35%
Horacio Carbonari
33%
Laurent Robert
33%
Taribo West
33%
Rory Delap
32%
Stephen Bywater
32%
Andy Todd
30%
Georgi Kinkladze
30%
Lilian Martin
30%
Richard Jackson
30%
Robin van der Laan
30%
Craig Burley
29%
Francesco Baiano
29%
Martin Taylor
29%
Marvin Robinson
29%
Adam Murray
28%
Danny Higginbotham
28%
Lee Morris
28%
Russell Hoult
28%
Steven Elliott
28%
Benito Carbone
26%
Chris Riggott
26%
Emanuel Villa
26%
Gary Rowett
26%
Jonathan Hunt
26%
Matt Oakley
26%
Steve Howard
26%
Branko Strupar
25%
Dean Leacock
25%
Eddie Lewis
25%
Paul Simpson
25%
Stephen Pearson
25%
Alan Stubbs
23%
Andy Oakes
23%
Jacob Laursen
23%
Jay McEveley
23%
Lee Carsley
23%
Warren Barton
23%
Roy Carroll
22%
Aljoša Asanović
20%
Brian O'Neil
20%
Mikkel Beck
20%
Paul Boertien
20%
Christian Dailly
19%
Dean Yates
19%
Marc Edworthy
19%
Paul Parker
19%
Spencer Prior
19%
Youl Mawéné
19%
Adam Bolder
17%
Kevin Harper
17%
Lars Bohinen
17%
Paul McGrath
17%
Stefan Schnoor
17%
Andy Griffin
16%
Bjørn Otto Bragstad
16%
Craig Fagan
16%
Ian Evatt
16%
Jon Macken
16%
Paul Trollope
16%
Ron Willems
16%
Tyrone Mears
16%
Benny Feilhaber
14%
Gary Teale
14%
Hossam Ghaly
14%
Ian Feuer
14%
Lewis Price
14%
Marco Gabbiadini
14%
Mauricio Solís
14%
Miles Addison
14%
Mo Camara
14%
Simo Valakari
14%
Tony Dorigo
14%
Esteban Fuertes
13%
Lewin Nyatanga
13%
Luciano Zavagno
13%
Mile Sterjovski
13%
Bob Malcolm
12%
Con Blatsis
12%
Gary Twigg
12%
Þórður Guðjónsson
12%
Daniele Daino
10%
François Grenet
10%
Paris Simmons
10%
Patrick Foletti
10%
Pierre Ducrocq
10%
Rob Kozluk
10%
Vassilis Borbokis
10%
Marino Rahmberg
9%
Sean Flynn
9%
Avi Nimni
7%
Brian Launders
7%

Score Distribution

Percentile by Number Answered

Percent of People with Each Score

Your Score History

You have not taken this quiz